| 000 | 01038cam a22003373a 4500 | ||
|---|---|---|---|
| 001 | 403 | ||
| 003 | PGUSA | ||
| 005 | 20140828082948.0 | ||
| 008 | 960101s1996||||xxu|||||s|||||000 1 eng d | ||
| 040 |
_aPGUSA _beng |
||
| 042 | _adc | ||
| 050 | 4 | _aPS | |
| 100 | 1 |
_aDavis, Richard Harding, _d1864-1916 |
|
| 245 | 1 | 0 |
_aSoldiers of Fortune _h[electronic resource] / _cRichard Harding Davis |
| 260 |
_bProject Gutenberg, _c1996 |
||
| 506 | _aPublic domain in the USA. | ||
| 516 | _aElectronic text | ||
| 653 | _aSouth America -- Fiction | ||
| 653 | _aTriangles (Interpersonal relations) -- Fiction | ||
| 653 | _aAmericans -- South America -- Fiction | ||
| 653 | _aMining engineers -- Fiction | ||
| 653 | _aRevolutions -- Fiction | ||
| 653 | _aSoldiers of fortune -- Fiction | ||
| 653 | _aMines and mineral resources -- Fiction | ||
| 653 | _aAdventure stories | ||
| 653 | _aPolitical fiction | ||
| 653 | _aLove stories | ||
| 830 | 0 |
_aProject Gutenberg _v403 |
|
| 856 | 4 | 0 | _uhttp://www.gutenberg.org/ebooks/403 |
| 942 | _cEB | ||
| 999 |
_c229754 _d229754 |
||